000 00696nam a22002417a 4500
003 UA-OsUOA
001 133101
007 ta
008 20180927b un ||||| |||| 00| 0 ukr d
100 _aМащенко С.
090 _a82.09(477)
_bМ38
942 _cBK
040 _aUA-OsUOA
_bukr
_cUA-OsUOA
_dUA-OsUOA
245 _aФілософські обрії Олександра Довженка
300 _a124 с.
955 _a1
041 _aukr
080 _a82.09(477)
020 _a966-533-249-Х
260 _aЧернігів
_bЧернігівські обереги
_c2004
650 7 _a82 Література. Літературознавство
_2UDC
999 _c404962
_d404962